University Home | Library Home | Institutional Repository

Skill checklists to accompany Fundamentals of Nursing: (Record no. 49321)

MARC details
000 -LEADER
fixed length control field 00465cam a2200133 4500
008 - FIXED-LENGTH DATA ELEMENTS--GENERAL INFORMATION
fixed length control field 120524n 000 0 eng u
020 ## - INTERNATIONAL STANDARD BOOK NUMBER
International Standard Book Number 0781752183
035 ## - SYSTEM CONTROL NUMBER
System control number (Sirsi) a176237
050 ## - LIBRARY OF CONGRESS CALL NUMBER
Classification number RT 41 FUN 2005
245 ## - TITLE STATEMENT
Title Skill checklists to accompany Fundamentals of Nursing:
Remainder of title the art and science of nursinng /
Statement of responsibility, etc. by Carol Taylor... [et al.].
260 ## - PUBLICATION, DISTRIBUTION, ETC.
Place of publication, distribution, etc. Philadelphia :
Name of publisher, distributor, etc. AWolter kluwer Company,
Date of publication, distribution, etc. 2005.
300 ## - PHYSICAL DESCRIPTION
Extent v, 116p. :
Other physical details ill.
700 ## - ADDED ENTRY--PERSONAL NAME
Personal name Taylor, Carol

No items available.

© 2026 - The University of Zambia Library - Koha v25.11